[Event "OHRA tournament"]
[Site "Brussels"]
[Date "1985.12.??"]
[Round "1"]
[White "Pergericht, Daniel"]
[Black "Jadoul, Michel"]
[Result "0-1"]
[WhiteElo "2230"]
[BlackElo "2385"]
[EventDate "1985.12.15"]
[Source "T. Waterschoot & M. Geenen, Tournoi international d'échecs OHRA Bruxelles 1985, Marchand 1986"]
[BlackTitle "FM"]

1. d4 Nf6 2. c4 g6 3. Nc3 Bg7 4. e4 d6 5. Nf3 O-O 6. Be2 Nbd7 7. O-O e5 8. Qc2
c6 9. Rd1 Qe7 10. d5 c5 11. Bg5 h6 12. Bh4 g5 13. Bg3 Nh5 14. Nd2 Nf4 15. Nf1 f5
16. exf5 Nf6 17. Re1 Nxe2+ 18. Rxe2 Ng4 19. f6 Nxf6 20. Ne3 Ng4 21. Ne4 Nxe3
22. Rxe3 g4 23. Rae1 Bf5 24. Qd1 h5 25. Nxd6 Qxd6 26. Bxe5 Bxe5 27. Rxe5 Rad8
28. Qd2 Qf6 29. b4 cxb4 30. Qxb4 Bg6 31. Qd2 Rfe8 32. Qd4 Rxe5 33. Rxe5 Kf7
34. Qe3 Rd7 35. f4 gxf3 36. Re6 Qa1+ 37. Kf2 Qxa2+ 38. Kxf3 Qxc4 39. Rf6+ Kxf6
40. Qe6+ Kg5 41. Qe3+ Kf6 0-1

[Event "OHRA tournament"]
[Site "Brussels"]
[Date "1985.12.??"]
[Round "1"]
[White "Speelman, Jonathan Simon"]
[Black "Hodgson, Julian Michael"]
[Result "1/2-1/2"]
[WhiteElo "2530"]
[BlackElo "2445"]
[EventDate "1985.12.15"]
[Source "T. Waterschoot & M. Geenen, Tournoi international d'échecs OHRA Bruxelles 1985, Marchand 1986"]
[BlackTitle "IM"]
[WhiteTitle "GM"]

1. d4 Nf6 2. Nf3 c5 3. d5 g6 4. Nc3 Bg7 5. e4 O-O 6. h3 d6 7. Bc4 b5 8. Nxb5
Nxe4 9. O-O a6 10. Na3 Bb7 11. Re1 Nf6 12. Bb3 Nbd7 13. Bg5 Nb6 14. c4 1/2-1/2

[Event "OHRA tournament"]
[Site "Brussels"]
[Date "1985.12.??"]
[Round "1"]
[White "Sax, Gyula"]
[Black "van der Wiel, John"]
[Result "1/2-1/2"]
[WhiteElo "2535"]
[BlackElo "2520"]
[EventDate "1985.12.15"]
[Source "T. Waterschoot & M. Geenen, Tournoi international d'échecs OHRA Bruxelles 1985, Marchand 1986"]
[BlackTitle "GM"]
[WhiteTitle "GM"]

1. e4 c5 2. Nf3 d6 3. d4 cxd4 4. Nxd4 Nf6 5. Nc3 Nc6 6. Bg5 e6 7. Qd2 Be7
8. O-O-O O-O 9. Nb3 a6 10. Bxf6 gxf6 11. h4 b5 12. g4 b4 13. Ne2 a5 14. Nbd4
Nxd4 15. Nxd4 Bb7 16. g5 f5 17. Rg1 f4 18. h5 e5 1/2-1/2

[Event "OHRA tournament"]
[Site "Brussels"]
[Date "1985.12.??"]
[Round "2"]
[White "van der Wiel, John"]
[Black "García Palermo, Carlos"]
[Result "1-0"]
[WhiteElo "2520"]
[BlackElo "2515"]
[EventDate "1985.12.15"]
[Source "T. Waterschoot & M. Geenen, Tournoi international d'échecs OHRA Bruxelles 1985, Marchand 1986"]
[BlackTitle "GM"]
[WhiteTitle "GM"]

1. e4 c6 2. Nc3 d5 3. Nf3 Bg4 4. h3 Bxf3 5. Qxf3 e6 6. g3 Nf6 7. Bg2 Bc5 8. e5
Nfd7 9. Qg4 Nxe5 10. Qxg7 Ng6 11. Qh6 Nd7 12. d3 Qf6 13. O-O Nde5 14. Kh1 Nf3
15. Bf4 e5 16. Bxf3 exf4 17. Rae1+ Kd8 18. Ne2 Kc7 19. Nxf4 Rae8 20. Rxe8 Rxe8
21. Bg4 Qxb2 22. Qxh7 Ne5 23. Ne6+ Kb6 24. Nxc5 Kxc5 25. Bf5 Kb6 26. h4 Qxc2
27. d4 Qe2 28. Rb1+ Ka5 29. dxe5 Rxe5 30. Kg2 Re3 31. Bg4 Qxg4 32. fxe3 f5
33. Qc7+ Ka4 1-0

[Event "OHRA tournament"]
[Site "Brussels"]
[Date "1985.12.??"]
[Round "2"]
[White "Iclicki, Willy"]
[Black "Korchnoi, Viktor Lvovich"]
[Result "0-1"]
[WhiteElo "2225"]
[BlackElo "2630"]
[EventDate "1985.12.15"]
[Source "T. Waterschoot & M. Geenen, Tournoi international d'échecs OHRA Bruxelles 1985, Marchand 1986"]
[BlackTitle "GM"]

1. d4 Nf6 2. c4 g6 3. Nc3 d5 4. Nf3 Bg7 5. Qb3 dxc4 6. Qxc4 O-O 7. e4 Nc6 8. h3
e5 9. Be3 exd4 10. Nxd4 Nxd4 11. Qxd4 Qxd4 12. Bxd4 Nxe4 13. Bxg7 Re8 14. O-O-O
Kxg7 15. Nxe4 Rxe4 16. Rd8 Re1+ 17. Kd2 Re7 18. Kc3 b6 19. Bc4 Bb7 20. Rxa8 Bxa8
21. f3 Kf6 22. h4 Re3+ 23. Kd4 Re5 24. b4 h5 25. Rc1 c5+ 26. bxc5 Rxc5 27. Re1
Rc7 28. Re8 Bb7 29. Re3 Bc8 30. Re4 Rd7+ 31. Kc3 Re7 32. Rd4 Rc7 33. Kb4 Rc5
34. Rf4+ Rf5 35. Rd4 a5+ 36. Kb3 b5 37. Be2 Ke5 38. Rd2 Kf4 39. Rd6 Kg3 40. Rb6
b4 0-1

[Event "OHRA tournament"]
[Site "Brussels"]
[Date "1985.12.??"]
[Round "2"]
[White "Sax, Gyula"]
[Black "Kouatly, Bachar"]
[Result "1/2-1/2"]
[WhiteElo "2535"]
[BlackElo "2470"]
[EventDate "1985.12.15"]
[Source "T. Waterschoot & M. Geenen, Tournoi international d'échecs OHRA Bruxelles 1985, Marchand 1986"]
[BlackTitle "IM"]
[WhiteTitle "GM"]

1. e4 c5 2. Nf3 e6 3. Nc3 Nc6 4. Bb5 Nge7 5. O-O a6 6. Bxc6 Nxc6 7. d4 cxd4
8. Nxd4 Be7 9. Nxc6 dxc6 10. e5 Qxd1 11. Rxd1 f5 12. Be3 b5 13. Bb6 c5 14. a4
1/2-1/2

[Event "OHRA tournament"]
[Site "Brussels"]
[Date "1985.12.??"]
[Round "2"]
[White "Jadoul, Michel"]
[Black "Grünfeld, Yehuda"]
[Result "0-1"]
[WhiteElo "2385"]
[BlackElo "2475"]
[EventDate "1985.12.15"]
[Source "T. Waterschoot & M. Geenen, Tournoi international d'échecs OHRA Bruxelles 1985, Marchand 1986"]
[BlackTitle "GM"]
[WhiteTitle "FM"]

1. e4 c5 2. Nf3 d6 3. d4 cxd4 4. Nxd4 Nf6 5. Nc3 a6 6. Bg5 e6 7. f4 Be7 8. Qf3
Qc7 9. O-O-O Nbd7 10. Bd3 h6 11. Bh4 g5 12. e5 gxh4 13. exf6 Nxf6 14. Rhe1 Bd7
15. f5 e5 16. Ne4 O-O-O 17. Nxf6 Bxf6 18. Ne2 d5 19. Qxd5 Bc6 20. Qb3 Bxg2
21. Bc4 Rxd1+ 22. Rxd1 Rd8 23. Rxd8+ Qxd8 24. a4 Bc6 25. Nc3 e4 26. Nd5 Bg5+
27. Kb1 Qa5 28. f6 e3 29. Nc3 Bxf6 30. Bxf7 Bxc3 31. bxc3 Qe5 32. Kc1 Kc7
33. Qe6 Qxe6 34. Bxe6 Bxa4 35. Kd1 Bd7 36. Bd5 Bc6 37. Bg8 Bf3+ 38. Ke1 Kd6
39. Bb3 Kc5 40. Kf1 b5 0-1

[Event "OHRA tournament"]
[Site "Brussels"]
[Date "1985.12.??"]
[Round "3"]
[White "Kouatly, Bachar"]
[Black "van der Wiel, John"]
[Result "1/2-1/2"]
[WhiteElo "2470"]
[BlackElo "2520"]
[EventDate "1985.12.15"]
[Source "T. Waterschoot & M. Geenen, Tournoi international d'échecs OHRA Bruxelles 1985, Marchand 1986"]
[BlackTitle "GM"]
[WhiteTitle "IM"]

1. d4 Nf6 2. c4 e6 3. Nc3 Bb4 4. a3 Bxc3+ 5. bxc3 d6 6. f3 Nh5 7. Nh3 e5 8. Nf2
f5 9. e3 Qe7 10. Bd3 O-O 11. O-O c5 12. f4 g6 13. fxe5 dxe5 14. e4 f4 15. Be2
Ng7 16. a4 Nd7 17. Nd3 Ne6 18. dxe5 g5 19. Bg4 Nc7 20. Rb1 1/2-1/2

[Event "OHRA tournament"]
[Site "Brussels"]
[Date "1985.12.??"]
[Round "3"]
[White "Korchnoi, Viktor Lvovich"]
[Black "Hodgson, Julian Michael"]
[Result "1-0"]
[WhiteElo "2630"]
[BlackElo "2445"]
[EventDate "1985.12.15"]
[Source "T. Waterschoot & M. Geenen, Tournoi international d'échecs OHRA Bruxelles 1985, Marchand 1986"]
[BlackTitle "IM"]
[WhiteTitle "GM"]

1. Nf3 b5 2. c3 e6 3. g3 Bb7 4. Bg2 Nf6 5. O-O Be7 6. d3 d6 7. a4 a6 8. axb5
axb5 9. Rxa8 Bxa8 10. Qb3 Bxf3 11. Bxf3 c6 12. Qa2 O-O 13. Be3 d5 14. Nd2 Nbd7
15. Ra1 Bc5 16. Bxc5 Nxc5 17. Qa3 Qb6 18. d4 Nb7 19. e4 h6 20. Qa7 Qc7 21. Ra6
Nd7 22. Nb3 Rc8 23. exd5 exd5 24. Bg4 f5 25. Bxf5 Rf8 26. Bh3 Nb8 27. Ra1 Qf7
28. Rf1 Nd6 29. Qxf7+ Rxf7 30. Nc5 1-0

[Event "OHRA tournament"]
[Site "Brussels"]
[Date "1985.12.??"]
[Round "3"]
[White "García Palermo, Carlos"]
[Black "Iclicki, Willy"]
[Result "1-0"]
[WhiteElo "2515"]
[BlackElo "2225"]
[EventDate "1985.12.15"]
[Source "T. Waterschoot & M. Geenen, Tournoi international d'échecs OHRA Bruxelles 1985, Marchand 1986"]
[WhiteTitle "GM"]

1. d4 d5 2. Nf3 c6 3. c4 Nf6 4. e3 e6 5. Bd3 Nbd7 6. O-O Be7 7. Nc3 O-O 8. Qe2
Re8 9. e4 dxe4 10. Nxe4 Nxe4 11. Qxe4 Nf8 12. Bf4 Bf6 13. Rad1 Qe7 14. Be5 Bd7
15. c5 Bxe5 16. Nxe5 b6 17. Ba6 Bc8 18. Nxc6 Qc7 19. cxb6 Qxb6 20. Bxc8 Raxc8
21. Rc1 Qb7 22. b4 Ng6 23. Rc5 f5 24. Qc2 Kf8 25. g3 a6 26. Re1 f4 27. a4 fxg3
28. hxg3 Qf7 29. Qe4 Qb7 30. Rec1 1-0

[Event "OHRA tournament"]
[Site "Brussels"]
[Date "1985.12.??"]
[Round "3"]
[White "Pergericht, Daniel"]
[Black "Sax, Gyula"]
[Result "1/2-1/2"]
[WhiteElo "2230"]
[BlackElo "2535"]
[EventDate "1985.12.15"]
[Source "T. Waterschoot & M. Geenen, Tournoi international d'échecs OHRA Bruxelles 1985, Marchand 1986"]
[BlackTitle "GM"]

1. d4 Nf6 2. c4 e6 3. g3 c5 4. Nf3 cxd4 5. Nxd4 d5 6. Bg2 e5 7. Nf3 d4 8. O-O
Nc6 9. e3 Bc5 10. exd4 exd4 11. Re1+ Be6 12. Ng5 O-O 13. Nxe6 fxe6 14. Nd2 d3
15. Nb3 Bd4 16. Be3 Bxb2 17. Rb1 Bc3 18. Rf1 Bb4 19. Bxc6 bxc6 20. Nc1 d2
21. Rxb4 dxc1=Q 22. Qxc1 Qa5 23. Qb2 Ng4 24. Rb7 e5 25. Qe2 Qa6 26. Rfb1 Nxe3
27. Qxe3 Qxa2 1/2-1/2

[Event "OHRA tournament"]
[Site "Brussels"]
[Date "1985.12.??"]
[Round "3"]
[White "Speelman, Jonathan Simon"]
[Black "Jadoul, Michel"]
[Result "1/2-1/2"]
[WhiteElo "2530"]
[BlackElo "2385"]
[EventDate "1985.12.15"]
[Source "T. Waterschoot & M. Geenen, Tournoi international d'échecs OHRA Bruxelles 1985, Marchand 1986"]
[BlackTitle "FM"]
[WhiteTitle "GM"]

1. g3 g6 2. Bg2 Bg7 3. d4 d6 4. e4 e5 5. dxe5 dxe5 6. Qxd8+ Kxd8 7. Nc3 c6
8. f4 Nd7 9. Nf3 f6 10. O-O Nh6 11. a4 a5 12. Nd1 Nf7 13. Nf2 Bf8 14. Nd3 Nc5
15. Nfe1 Be6 16. Be3 Nd7 17. b3 Ke8 18. c4 Nd8 19. Nf3 c5 20. fxe5 fxe5 21. Ng5
Bh6 22. Rae1 Bxg5 23. Bxg5 b6 24. Bh6 Nc6 25. Nc1 Nd4 1/2-1/2

[Event "OHRA tournament"]
[Site "Brussels"]
[Date "1985.12.??"]
[Round "4"]
[White "van der Wiel, John"]
[Black "Iclicki, Willy"]
[Result "1-0"]
[WhiteElo "2520"]
[BlackElo "2225"]
[EventDate "1985.12.15"]
[Source "T. Waterschoot & M. Geenen, Tournoi international d'échecs OHRA Bruxelles 1985, Marchand 1986"]
[WhiteTitle "GM"]

1. e4 c6 2. d4 d5 3. e5 Bf5 4. Nc3 e6 5. g4 Bg6 6. Nge2 c5 7. h4 h5 8. Nf4 Bh7
9. Nxh5 cxd4 10. Qxd4 Nc6 11. Bb5 Ne7 12. Bh6 Qd7 13. Qf4 O-O-O 14. Bxg7 Bxg7
15. Nxg7 Ng6 16. Bxc6 Qxc6 17. Qd4 Nxe5 18. Qxe5 d4 19. Rh3 Qg2 20. O-O-O Qxf2
21. Qc5+ Kb8 22. Nb5 Rd5 23. Qxa7+ Kc8 24. Qa8+ 1-0

[Event "OHRA tournament"]
[Site "Brussels"]
[Date "1985.12.??"]
[Round "4"]
[White "Sax, Gyula"]
[Black "Grünfeld, Yehuda"]
[Result "1-0"]
[WhiteElo "2535"]
[BlackElo "2475"]
[EventDate "1985.12.15"]
[Source "T. Waterschoot & M. Geenen, Tournoi international d'échecs OHRA Bruxelles 1985, Marchand 1986"]
[BlackTitle "GM"]
[WhiteTitle "GM"]

1. e4 c5 2. Nf3 d6 3. d4 cxd4 4. Nxd4 Nf6 5. Nc3 a6 6. f4 e5 7. Nf3 Nbd7 8. Bd3
Be7 9. O-O O-O 10. a4 Nc5 11. Kh1 d5 12. fxe5 Nfxe4 13. Nd4 Bg5 14. Qh5 Bxc1
15. Raxc1 g6 16. Qh6 Nxc3 17. bxc3 f5 18. exf6 Rxf6 19. Rxf6 Qxf6 20. Rf1 Qe7
21. Bxg6 hxg6 22. Qxg6+ Kh8 23. Qh6+ Kg8 24. h3 Bd7 25. Nf5 Bxf5 26. Rxf5 Ne6
27. Re5 1-0

[Event "OHRA tournament"]
[Site "Brussels"]
[Date "1985.12.??"]
[Round "4"]
[White "Kouatly, Bachar"]
[Black "Pergericht, Daniel"]
[Result "1/2-1/2"]
[WhiteElo "2470"]
[BlackElo "2230"]
[EventDate "1985.12.15"]
[Source "T. Waterschoot & M. Geenen, Tournoi international d'échecs OHRA Bruxelles 1985, Marchand 1986"]
[WhiteTitle "IM"]

1. d4 d5 2. c4 c6 3. cxd5 cxd5 4. Nc3 Nf6 5. Bf4 Nc6 6. e3 Bf5 7. Nf3 e6 8. Bb5
Nd7 9. Qa4 Rc8 10. O-O a6 11. Bxc6 Rxc6 12. Rfc1 Be7 13. Ne2 Qb6 14. Qb3 O-O
15. Rxc6 bxc6 16. Qxb6 Nxb6 17. Ne5 Rc8 18. g4 Bg6 19. Rc1 c5 20. dxc5 Bxc5
21. Nxg6 hxg6 22. Nd4 Bxd4 23. Rxc8+ Nxc8 24. exd4 Kf8 25. Bd2 Ke8 26. Bb4 Nb6
27. b3 Nd7 28. Bd6 Kd8 29. g5 Kc8 30. Kg2 Kb7 31. f4 Kc8 32. Kf3 Kd8 33. Ke3 Kc8
34. Kd3 Kb7 35. Kc3 Kc6 36. Be7 Kc7 37. Kb4 Kb6 38. Ka4 Kb7 39. Ka5 Nb8 40. Bc5
Nc6+ 41. Ka4 f6 42. b4 fxg5 43. fxg5 e5 44. dxe5 Nxe5 45. Bd6 Nf3 46. Bf4 Nd4
47. Be3 Nf3 48. Bf4 1/2-1/2

[Event "OHRA tournament"]
[Site "Brussels"]
[Date "1985.12.??"]
[Round "4"]
[White "Hodgson, Julian Michael"]
[Black "García Palermo, Carlos"]
[Result "0-1"]
[WhiteElo "2445"]
[BlackElo "2515"]
[EventDate "1985.12.15"]
[Source "T. Waterschoot & M. Geenen, Tournoi international d'échecs OHRA Bruxelles 1985, Marchand 1986"]
[BlackTitle "GM"]
[WhiteTitle "IM"]

1. e4 c6 2. c4 d5 3. cxd5 cxd5 4. exd5 Nf6 5. Bb5+ Nbd7 6. Nc3 a6 7. Bc4 b5
8. Bb3 Bb7 9. Nf3 b4 10. Na4 Bxd5 11. d4 e6 12. Bf4 Bxb3 13. axb3 Nd5 14. Bg3
Be7 15. O-O O-O 16. Qe2 Qc8 17. Rfc1 Qb7 18. Rc4 Qb5 19. Kf1 Rfe8 20. Rac1 Bf8
21. Nc5 a5 22. Nxd7 Qxd7 23. Ne5 Qd8 24. Qf3 Qf6 25. Qxf6 gxf6 26. Nd7 Red8
27. Nxf8 Kxf8 28. Ra1 Ra6 29. Ke2 Rda8 30. Kd3 f5 31. Be5 Ke7 32. Rc5 f6 33. Bc7
a4 34. bxa4 Kd7 35. Rac1 Rxa4 36. g4 fxg4 37. Bg3 Ra2 38. Rb5 Rxb2 39. Rb7+ Ke8
40. Re1 Ra6 0-1

[Event "OHRA tournament"]
[Site "Brussels"]
[Date "1985.12.??"]
[Round "4"]
[White "Jadoul, Michel"]
[Black "Nunn, John Dennis Martin"]
[Result "0-1"]
[WhiteElo "2385"]
[BlackElo "2600"]
[EventDate "1985.12.15"]
[Source "T. Waterschoot & M. Geenen, Tournoi international d'échecs OHRA Bruxelles 1985, Marchand 1986"]
[BlackTitle "GM"]
[WhiteTitle "FM"]

1. e4 c5 2. Nf3 d6 3. d4 cxd4 4. Nxd4 Nf6 5. Nc3 a6 6. Bg5 e6 7. f4 Qb6 8. Qd3
Qxb2 9. Rb1 Qa3 10. f5 Qa5 11. Qc4 Kd8 12. Bd2 Qc5 13. Na4 Qxc4 14. Bxc4 Nc6
15. fxe6 Nxd4 16. Ba5+ Ke7 17. Nb6 fxe6 18. Nxa8 Nxc2+ 19. Ke2 b5 20. Bd3 Nd4+
21. Ke3 Nc6 22. Bc3 Bb7 23. Nb6 Kd8 24. Rhc1 d5 25. exd5 exd5 26. Bxf6+ gxf6
27. Kf2 Nb4 28. Bf5 Nxa2 29. Rc2 Nb4 30. Rxb4 Bxb4 31. Bc8 Ba5 32. Bxb7 Bxb6+
33. Kf3 Kd7 34. Bxa6 b4 35. Bb7 Bd4 36. Bxd5 Kd6 37. Be4 Bc3 38. g4 h5 39. h3
hxg4+ 40. hxg4 b3 41. Rc1 Rh3+ 42. Ke2 Ke5 43. Bf5 b2 44. Rf1 Kd4 45. Rf4+ Kc5
46. Ra4 Rh2+ 47. Ke3 Bd2+ 48. Kf3 Rh1 49. Ke2 Bg5 50. Ra5+ Kb6 51. Ra8 Kc7 0-1

[Event "OHRA tournament"]
[Site "Brussels"]
[Date "1985.12.??"]
[Round "5"]
[White "Pergericht, Daniel"]
[Black "van der Wiel, John"]
[Result "0-1"]
[WhiteElo "2230"]
[BlackElo "2520"]
[EventDate "1985.12.15"]
[Source "T. Waterschoot & M. Geenen, Tournoi international d'échecs OHRA Bruxelles 1985, Marchand 1986"]
[BlackTitle "GM"]

1. d4 g6 2. c4 Bg7 3. Nc3 d6 4. e4 Nc6 5. d5 Ne5 6. h3 c6 7. Be3 Nf6 8. f4 Ned7
9. Nf3 Nh5 10. Kf2 Nxf4 11. Bxf4 Qb6+ 12. Kg3 Qxb2 13. dxc6 bxc6 14. e5 Qxc3
15. Rc1 Qa3 16. exd6 e5 17. Bg5 f6 18. Bd3 fxg5 19. Be4 Qc5 20. Re1 O-O 21. Kh2
Rf6 22. Nxg5 Qxd6 23. Qa4 Nc5 24. Qa5 Bf5 25. Rcd1 Qe7 26. Rd5 Nxe4 27. Nxe4
Bxe4 0-1

[Event "OHRA tournament"]
[Site "Brussels"]
[Date "1985.12.??"]
[Round "5"]
[White "Iclicki, Willy"]
[Black "Hodgson, Julian Michael"]
[Result "0-1"]
[WhiteElo "2225"]
[BlackElo "2445"]
[EventDate "1985.12.15"]
[Source "T. Waterschoot & M. Geenen, Tournoi international d'échecs OHRA Bruxelles 1985, Marchand 1986"]
[BlackTitle "IM"]

1. d4 Nf6 2. c4 c5 3. d5 b5 4. cxb5 a6 5. bxa6 g6 6. Nc3 Bxa6 7. g3 d6 8. e4
Bxf1 9. Kxf1 Bg7 10. Kg2 O-O 11. Nf3 Nbd7 12. h3 Qb6 13. Re1 Qa6 14. e5 dxe5
15. Nxe5 Nxe5 16. Rxe5 Qb7 17. Qf3 Rfd8 18. Re2 Rd7 19. Bf4 Nxd5 20. Nxd5 Qxd5
21. Qxd5 Rxd5 22. a4 e6 23. a5 Ra6 24. Bc7 Rd3 25. Rc2 Bd4 26. Bb6 Rb3 27. Rb1
e5 28. Bxc5 Rc6 29. a6 Rxc5 30. a7 Rxc2 31. a8=Q+ Kg7 32. Rf1 Rbxb2 33. Qe4 Re2
34. Qd5 Rbd2 35. Qc6 e4 36. h4 Bxf2 37. Kh3 h5 38. Qc7 Rd5 0-1

[Event "OHRA tournament"]
[Site "Brussels"]
[Date "1985.12.??"]
[Round "6"]
[White "van der Wiel, John"]
[Black "Hodgson, Julian Michael"]
[Result "1-0"]
[WhiteElo "2520"]
[BlackElo "2445"]
[EventDate "1985.12.15"]
[Source "T. Waterschoot & M. Geenen, Tournoi international d'échecs OHRA Bruxelles 1985, Marchand 1986"]
[BlackTitle "IM"]
[WhiteTitle "GM"]

1. d4 Nf6 2. c4 c5 3. d5 b5 4. Nf3 g6 5. cxb5 a6 6. Nc3 axb5 7. e4 b4 8. Nb5
Nxe4 9. Qe2 f5 10. d6 exd6 11. Ng5 Bb7 12. f3 h6 13. fxe4 hxg5 14. exf5+ Kf7
15. fxg6+ Kg7 16. b3 Rh4 17. Bb2+ Kg8 18. Nxd6 1-0

[Event "OHRA tournament"]
[Site "Brussels"]
[Date "1985.12.??"]
[Round "6"]
[White "Pergericht, Daniel"]
[Black "Grünfeld, Yehuda"]
[Result "1-0"]
[WhiteElo "2230"]
[BlackElo "2475"]
[EventDate "1985.12.15"]
[Source "T. Waterschoot & M. Geenen, Tournoi international d'échecs OHRA Bruxelles 1985, Marchand 1986"]
[BlackTitle "GM"]

1. d4 c5 2. d5 Nf6 3. c4 e6 4. Nc3 exd5 5. cxd5 d6 6. e4 g6 7. f4 Bg7 8. Bb5+
Nfd7 9. a4 O-O 10. Nf3 Na6 11. O-O Nc7 12. Bc4 Nb6 13. Ba2 Bg4 14. h3 Bxf3
15. Qxf3 Na6 16. a5 Nd7 17. Bc4 Nb4 18. Nb5 Qf6 19. Qb3 a6 20. Nc7 Rac8 21. Ne6
Rfe8 22. f5 fxe6 23. fxe6 Qd8 24. Bg5 Qxg5 25. exd7 Rcd8 26. dxe8=Q+ Rxe8
27. Rae1 Qd8 28. Be2 h5 29. Qg3 Kh7 30. Rf7 Re5 31. Ref1 Nxd5 32. exd5 Rxe2
33. Rxb7 Rxb2 34. Rxg7+ 1-0

[Event "OHRA tournament"]
[Site "Brussels"]
[Date "1985.12.??"]
[Round "6"]
[White "Kouatly, Bachar"]
[Black "Speelman, Jonathan Simon"]
[Result "1/2-1/2"]
[WhiteElo "2470"]
[BlackElo "2530"]
[EventDate "1985.12.15"]
[Source "T. Waterschoot & M. Geenen, Tournoi international d'échecs OHRA Bruxelles 1985, Marchand 1986"]
[BlackTitle "GM"]
[WhiteTitle "IM"]

1. d4 Nf6 2. c4 e6 3. Nc3 Bb4 4. a3 Bxc3+ 5. bxc3 b6 6. f3 Ba6 7. e4 Nc6 8. e5
Ng8 9. Nh3 Na5 10. Qa4 Qe7 1/2-1/2

[Event "OHRA tournament"]
[Site "Brussels"]
[Date "1985.12.??"]
[Round "6"]
[White "Spassky, Boris Vasilievich"]
[Black "Korchnoi, Viktor Lvovich"]
[Result "1/2-1/2"]
[WhiteElo "2590"]
[BlackElo "2630"]
[EventDate "1985.12.15"]
[Source "T. Waterschoot & M. Geenen, Tournoi international d'échecs OHRA Bruxelles 1985, Marchand 1986"]
[BlackTitle "GM"]
[WhiteTitle "GM"]

1. e4 e5 2. Nf3 Nf6 3. Nxe5 d6 4. Nf3 Nxe4 5. Qe2 Qe7 6. d3 Nf6 7. Bg5 Qxe2+
8. Bxe2 Be7 9. Nc3 c6 10. O-O-O Na6 11. Ne4 Nxe4 12. dxe4 Nc5 13. Bxe7 Kxe7
14. Rhe1 Be6 15. Nd4 1/2-1/2

[Event "OHRA tournament"]
[Site "Brussels"]
[Date "1985.12.??"]
[Round "6"]
[White "Polgár, Zsuzsa"]
[Black "Iclicki, Willy"]
[Result "1-0"]
[WhiteElo "2430"]
[BlackElo "2225"]
[EventDate "1985.12.15"]
[Source "T. Waterschoot & M. Geenen, Tournoi international d'échecs OHRA Bruxelles 1985, Marchand 1986"]
[WhiteTitle "WIM"]

1. d4 d5 2. c4 c6 3. Nc3 Nf6 4. e3 e6 5. Nf3 Nbd7 6. Bd3 dxc4 7. Bxc4 b5 8. Be2
Bb7 9. e4 b4 10. e5 bxc3 11. exf6 cxb2 12. fxg7 Bxg7 13. Bxb2 Qa5+ 14. Nd2 c5
15. O-O cxd4 16. Nc4 Qd5 17. Bf3 Qxc4 18. Bxb7 Rb8 19. Ba3 Qc7 20. Bf3 Ne5
21. Rc1 Qd7 22. Be4 Bf8 23. Qh5 Rb5 24. Bxf8 Rxf8 25. Bc6 Nxc6 26. Qxb5 Nd8
27. Qb8 Qb7 28. Qxb7 Nxb7 29. Rcd1 1-0

[Event "OHRA tournament"]
[Site "Brussels"]
[Date "1985.12.??"]
[Round "6"]
[White "Jadoul, Michel"]
[Black "García Palermo, Carlos"]
[Result "0-1"]
[WhiteElo "2385"]
[BlackElo "2515"]
[EventDate "1985.12.15"]
[Source "T. Waterschoot & M. Geenen, Tournoi international d'échecs OHRA Bruxelles 1985, Marchand 1986"]
[BlackTitle "GM"]
[WhiteTitle "FM"]

1. e4 c5 2. Nf3 Nf6 3. e5 Nd5 4. Nc3 e6 5. Nxd5 exd5 6. d4 Nc6 7. dxc5 Bxc5
8. Qxd5 d6 9. Bd2 Be6 10. Qe4 d5 11. Qf4 Qb6 12. O-O-O Bxf2 13. Ne1 Bd4 14. Nd3
Nxe5 15. c3 Nxd3+ 16. Bxd3 Rc8 17. Bc2 Bf6 18. Be3 Qa6 19. Qa4+ Rc6 20. Bc5 Kd8
21. Be3 Kc8 22. Rd2 Kb8 23. Rhd1 Qxa4 24. Bxa4 Rc4 25. Bc2 Re8 26. Bd3 Rg4
27. h3 d4 28. cxd4 Bxd4 29. Bxd4 Rxd4 30. g4 Bxa2 0-1

[Event "OHRA tournament"]
[Site "Brussels"]
[Date "1985.12.??"]
[Round "7"]
[White "Grünfeld, Yehuda"]
[Black "van der Wiel, John"]
[Result "1-0"]
[WhiteElo "2475"]
[BlackElo "2520"]
[EventDate "1985.12.15"]
[Source "T. Waterschoot & M. Geenen, Tournoi international d'échecs OHRA Bruxelles 1985, Marchand 1986"]
[BlackTitle "GM"]
[WhiteTitle "GM"]

1. e4 c5 2. Nf3 d6 3. d4 Nf6 4. Bb5+ Nbd7 5. O-O Nxe4 6. Re1 Nf6 7. Bg5 a6
8. Bxd7+ Bxd7 9. Nc3 Be6 10. d5 Bg4 11. h3 Bh5 12. Bxf6 gxf6 13. Ne4 Bg7 14. Ng3
Bg6 15. Nh4 Qd7 16. Qe2 Kf8 17. Qf3 Re8 18. Re2 f5 19. Rae1 Be5 20. Ngxf5 e6
21. Nxd6 Bxd6 22. dxe6 Qc7 23. Qf6 1-0